[Event "Neukoelln - Stuttgart"]
[Site "BL 0203"]
[Date "2003.02.09"]
[Round "11.8"]
[White "Rudolf, Henrik"]
[Black "Heinatz, Thomas"]
[Result "0-1"]
[WhiteElo "2348"]
[BlackElo "2315"]
[PlyCount "78"]
[EventDate "2003.??.??"]

1. e4 c5 2. Nf3 g6 3. d4 Bg7 4. Nc3 cxd4 5. Nxd4 Nc6 6. Be3 Nf6 7. Bc4 O-O 8.
Bb3 a5 9. f3 d5 10. exd5 Nb4 11. Nde2 a4 12. Nxa4 Nfxd5 13. Bd2 Bf5 14. a3 Nc6
15. Bxd5 Rxa4 16. c4 Ra6 17. Bc3 Bxc3+ 18. Nxc3 Ne5 19. Qe2 Nd3+ 20. Kf1 Qb6
21. g4 Nf4 22. Qf2 Bd3+ 23. Ke1 Qf6 24. Rd1 Rb6 25. Rd2 Rb3 26. Qe3 e6 27. Be4
Bxc4 28. h4 Rc8 29. g5 Qe5 30. Kf2 Bd5 31. Re1 Nh5 32. f4 Qxf4+ 33. Qxf4 Nxf4
34. Bxd5 Nxd5 35. Nxd5 exd5 36. Re3 Rb5 37. b4 Rc4 38. Kg3 h5 39. gxh6 Kh7 0-1

[Event "Luebeck - Godesberg"]
[Site "BL 0203"]
[Date "2003.02.09"]
[Round "11.1"]
[White "Breder, Dennis"]
[Black "Adams, Michael"]
[Result "1/2-1/2"]
[WhiteElo "2440"]
[BlackElo "2745"]
[PlyCount "78"]
[EventDate "2003.??.??"]

1. e4 e5 2. Nf3 Nc6 3. Bb5 a6 4. Bxc6 dxc6 5. O-O Bg4 6. h3 h5 7. d3 Qf6 8. Be3
Bxf3 9. Qxf3 Qxf3 10. gxf3 Bd6 11. Nd2 Ne7 12. Rfd1 Ng6 13. Kf1 c5 14. c3 f6
15. Nc4 b5 16. Nd2 Nf4 17. Bxf4 exf4 18. a4 Kd7 19. Ra2 Rhf8 20. axb5 axb5 21.
Rda1 Rxa2 22. Rxa2 Kc6 23. Ke2 Kb6 24. Ra1 g5 25. Ra2 c6 26. Ra1 Rd8 27. Ra2
Kb7 28. Ra1 Bc7 29. Nb3 Bb6 30. c4 h4 31. Rc1 Rc8 32. Kd2 Ba7 33. Ra1 Bb6 34.
Rc1 Rc7 35. Re1 Re7 36. Rc1 Re5 37. Ra1 Bc7 38. Ra3 Bd6 39. Ra5 Bc7 1/2-1/2

[Event "Luebeck - Godesberg"]
[Site "BL 0203"]
[Date "2003.02.09"]
[Round "11.4"]
[White "Lautier, Joel"]
[Black "Seger, Ruediger"]
[Result "1-0"]
[WhiteElo "2665"]
[BlackElo "2406"]
[PlyCount "77"]
[EventDate "2003.??.??"]

1. d4 Nf6 2. c4 g6 3. Nc3 d5 4. cxd5 Nxd5 5. e4 Nxc3 6. bxc3 c5 7. Nf3 Bg7 8.
Rb1 O-O 9. Be2 cxd4 10. cxd4 Qa5+ 11. Bd2 Qxa2 12. O-O Qe6 13. Qc2 Qc6 14. Qd3
Qd6 15. d5 Nd7 16. Bb4 Nc5 17. Qe3 b6 18. Rfd1 Bg4 19. e5 Qc7 20. Re1 Rad8 21.
Rbd1 Bc8 22. Rd4 Bb7 23. Bc4 Qb8 24. h4 e6 25. dxe6 Nxe6 26. Bxe6 fxe6 27. Bxf8
Rxf8 28. Qb3 Qc8 29. Ng5 Bd5 30. Rxd5 exd5 31. Qxd5+ Kh8 32. Qd6 h6 33. e6 hxg5
34. e7 Rg8 35. hxg5 Bb2 36. Qb4 Rg7 37. Qxb2 Kg8 38. Qa2+ Rf7 39. Qd5 1-0

[Event "Luebeck - Godesberg"]
[Site "BL 0203"]
[Date "2003.02.09"]
[Round "11.6"]
[White "Fressinet, Laurent"]
[Black "Heinbuch, Detlef"]
[Result "1-0"]
[WhiteElo "2619"]
[BlackElo "2365"]
[PlyCount "65"]
[EventDate "2003.??.??"]

1. e4 c6 2. d4 d5 3. Nc3 dxe4 4. Nxe4 Nd7 5. Ng5 Ngf6 6. Bd3 e6 7. N1f3 Bd6 8.
Qe2 h6 9. Ne4 Nxe4 10. Qxe4 Qc7 11. Qg4 Kf8 12. O-O c5 13. b3 e5 14. c3 cxd4
15. cxd4 Qc3 16. Bf5 Nf6 17. Qh3 e4 18. Bd2 Bxf5 19. Qxf5 Qc8 20. Nh4 Qxf5 21.
Nxf5 Ba3 22. f3 a5 23. Rae1 exf3 24. Rxf3 Nd7 25. Bf4 Ra6 26. Rc3 Kg8 27. Rc7
Nf6 28. Rxb7 Kh7 29. Be5 Rf8 30. Rf1 Kg6 31. Nh4+ Kg5 32. Rb5 Kxh4 33. Bg3+ 1-0

[Event "Hamburg - Porz"]
[Site "BL 0203"]
[Date "2003.02.09"]
[Round "11.1"]
[White "Lutz, Christopher"]
[Black "Ftacnik, Lubomir"]
[Result "1-0"]
[WhiteElo "2645"]
[BlackElo "2603"]
[PlyCount "83"]
[EventDate "2003.??.??"]

1. e4 c5 2. Nf3 d6 3. d4 cxd4 4. Nxd4 Nf6 5. Nc3 a6 6. Be3 e5 7. Nb3 Be6 8. f3
Be7 9. Qd2 O-O 10. O-O-O Qc7 11. Kb1 Nbd7 12. g4 Rfc8 13. g5 Nh5 14. Nd5 Bxd5
15. exd5 g6 16. Rg1 Bf8 17. Rg4 Re8 18. Rc4 Qb8 19. Na5 Nf4 20. h4 b6 21. Nc6
Qb7 22. Bxf4 exf4 23. h5 Ne5 24. Rxf4 b5 25. hxg6 hxg6 26. Bd3 Bg7 27. Rh1 Rac8
28. Qh2 Nxc6 29. dxc6 Qxc6 30. Bxg6 Re7 31. Be4 Qc5 32. g6 Qe5 33. c3 Rcc7 34.
Qd2 Kf8 35. Bd5 f6 36. Be4 Rcd7 37. Rf5 Qg3 38. Rd5 Rd8 39. a3 Rc7 40. Ka2 Re7
41. Rdh5 Re5 42. R5h3 1-0

[Event "Hamburg - Porz"]
[Site "BL 0203"]
[Date "2003.02.09"]
[Round "11.4"]
[White "Wahls, Matthias"]
[Black "Andersson, Ulf"]
[Result "1/2-1/2"]
[WhiteElo "2539"]
[BlackElo "2599"]
[PlyCount "58"]
[EventDate "2003.??.??"]

1. c4 c5 2. Nf3 g6 3. d4 cxd4 4. Nxd4 Bg7 5. e4 d6 6. Nc3 Nf6 7. Be2 O-O 8. O-O
Nc6 9. Be3 Nxd4 10. Bxd4 Bd7 11. Qd2 Bc6 12. f3 Nd7 13. Bf2 a5 14. b3 Qc7 15.
Rab1 Rfc8 16. Rfd1 Qd8 17. Bd3 Qf8 18. Bc2 Rab8 19. a4 Nc5 20. Nd5 b6 21. Re1
e6 22. Nc3 Rb7 23. Ne2 Rd7 24. Nd4 Bh6 25. Qe2 Bf4 26. Rbd1 Bb7 27. Nb5 Bc6 28.
Nd4 Bb7 29. Nb5 Bc6 1/2-1/2

[Event "Hamburg - Porz"]
[Site "BL 0203"]
[Date "2003.02.09"]
[Round "11.6"]
[White "Heinemann, Thies"]
[Black "Hansen, Curt"]
[Result "0-1"]
[WhiteElo "2437"]
[BlackElo "2610"]
[PlyCount "132"]
[EventDate "2003.??.??"]

1. e4 c5 2. Nf3 d6 3. d4 cxd4 4. Nxd4 Nf6 5. Nc3 e6 6. g3 Be7 7. Bg2 O-O 8. O-O
a6 9. b3 Qc7 10. Bb2 Rd8 11. a4 b6 12. Qe2 Bb7 13. Rad1 Nc6 14. Rfe1 Rac8 15.
Nxc6 Qxc6 16. Rd4 Nd7 17. Rc4 Nc5 18. Nd1 b5 19. axb5 axb5 20. Rb4 Ba6 21. Ne3
Qc7 22. Ra1 Ra8 23. Qg4 Bf8 24. h4 Nd7 25. Rd4 Bb7 26. Rdd1 Bc6 27. c4 Rxa1 28.
Bxa1 Rb8 29. h5 h6 30. Qf4 bxc4 31. bxc4 Qa5 32. Qg4 Qa2 33. Bd4 e5 34. Bc3 Nf6
35. Qf5 Rb3 36. Be1 Bd7 37. Qf3 Bg4 38. Nxg4 Rxf3 39. Bxf3 Nxg4 40. Bxg4 Qxc4
41. Bf3 Be7 42. g4 Kh7 43. Kg2 g6 44. hxg6+ Kxg6 45. Ba5 Kg7 46. Bb6 Bg5 47.
Ba5 Qa2 48. Be1 Qa3 49. Be2 Bd8 50. Bf3 Bb6 51. Rd2 Bd4 52. Re2 Qd3 53. Bd2 d5
54. Bc1 dxe4 55. Rxe4 h5 56. gxh5 Qc2 57. Be3 f5 58. Rxd4 exd4 59. Bxd4+ Kh7
60. Be5 Qd2 61. Bf6 Qf4 62. Be7 Qd4 63. h6 Kxh6 64. Bf8+ Kh7 65. Kg1 Kg8 66.
Bh6 f4 0-1

[Event "Hamburg - Porz"]
[Site "BL 0203"]
[Date "2003.02.09"]
[Round "11.7"]
[White "Graf, Alexander"]
[Black "Reeh, Oliver"]
[Result "1/2-1/2"]
[WhiteElo "2635"]
[BlackElo "2423"]
[PlyCount "87"]
[EventDate "2003.??.??"]

1. d4 Nf6 2. c4 e6 3. Nc3 Bb4 4. e3 O-O 5. Nf3 b6 6. Bd3 Bb7 7. O-O c5 8. Na4
cxd4 9. exd4 Re8 10. a3 Bf8 11. Bg5 d6 12. b4 Nbd7 13. Re1 h6 14. Bf4 Rc8 15.
Rc1 a6 16. Nc3 Nh5 17. Be3 Nhf6 18. Nd2 g6 19. Be2 Rc7 20. Nb3 Qa8 21. f3 Kh7
22. Qd2 e5 23. dxe5 dxe5 24. Na4 Re6 25. c5 b5 26. Nc3 Nd5 27. Na5 Nxe3 28.
Qxe3 Rxc5 29. Red1 Rc7 30. Nxb5 Rxc1 31. Qxc1 Nf6 32. Nc7 Qa7+ 33. Kh1 Rd6 34.
Rxd6 Bxd6 35. Nxb7 Qxb7 36. Nxa6 e4 37. Nc5 Qc7 38. Qg1 exf3 39. Bxf3 Nd7 40.
Nb7 Be7 41. Na5 Ne5 42. Bd5 Qc3 43. Qf1 f5 44. Nc4 1/2-1/2

[Event "?"]
[Site "?"]
[Date "2003.03.29"]
[Round "14.2"]
[White "Bischoff, Klaus"]
[Black "Jussupow, Artur"]
[Result "1/2-1/2"]
[WhiteElo "2554"]
[BlackElo "2622"]
[PlyCount "24"]
[EventDate "2003.??.??"]

1. c4 e6 2. Nc3 d5 3. d4 c6 4. e3 Bd6 5. Nf3 f5 6. b3 Nf6 7. Bb2 O-O 8. Qc2 Ne4
9. Bd3 b6 10. O-O Bb7 11. cxd5 Nxc3 12. Bxc3 cxd5 1/2-1/2

[Event "Plauen - Solingen"]
[Site "BL 0203"]
[Date "2003.03.29"]
[Round "14.3"]
[White "Emms, John M"]
[Black "Kindermann, Stefan"]
[Result "0-1"]
[WhiteElo "2520"]
[BlackElo "2519"]
[PlyCount "74"]
[EventDate "2003.??.??"]

1. e4 e6 2. d3 d5 3. Nd2 Nf6 4. Ngf3 b6 5. c3 c5 6. Qa4+ Qd7 7. Qc2 Qc7 8. Be2
Be7 9. O-O O-O 10. Re1 Nbd7 11. b3 Bb7 12. Bb2 Rac8 13. Rad1 Rfe8 14. Qb1 e5
15. exd5 Nxd5 16. Bf1 Bf8 17. a3 Nf4 18. g3 Ne6 19. Bg2 Rcd8 20. Re3 g6 21.
Rde1 Bh6 22. R3e2 Qb8 23. Bc1 Bg7 24. Nh4 Bxg2 25. Kxg2 Qa8+ 26. Kg1 b5 27.
Nhf3 c4 28. bxc4 bxc4 29. d4 exd4 30. Nxd4 Bxd4 31. cxd4 Nxd4 32. Rxe8+ Rxe8
33. Rxe8+ Qxe8 34. Nxc4 Qe1+ 35. Kg2 Ne2 36. Ne5 Qg1+ 37. Kf3 Nc3 0-1

[Event "Plauen - Solingen"]
[Site "BL 0203"]
[Date "2003.03.29"]
[Round "14.4"]
[White "Gdanski, Jacek"]
[Black "Naumann, Alexander"]
[Result "0-1"]
[WhiteElo "2506"]
[BlackElo "2513"]
[PlyCount "88"]
[EventDate "2003.??.??"]

1. e4 c5 2. Nc3 Nc6 3. Nf3 e6 4. Bb5 Nge7 5. O-O a6 6. Bxc6 Nxc6 7. d4 cxd4 8.
Nxd4 Qc7 9. Nxc6 dxc6 10. f4 b5 11. Kh1 Bb7 12. f5 e5 13. a3 Bc5 14. f6 g6 15.
Ne2 Qd7 16. b4 Bb6 17. Qxd7+ Kxd7 18. Bb2 c5 19. Bxe5 Rae8 20. bxc5 Bxc5 21.
Bg3 Bxe4 22. Nf4 Kc6 23. Bf2 Bd6 24. Bd4 h5 25. Nd3 Bxd3 26. cxd3 Re2 27. Bc3
Rc2 28. Bb4 Re8 29. Rac1 Rxc1 30. Rxc1+ Kd5 31. Kg1 Re6 32. Rc8 Bxb4 33. axb4
Rxf6 34. Rd8+ Rd6 35. Rf8 f5 36. Kf2 Kd4 37. Rc8 Kxd3 38. Kf3 Rd4 39. Rc6 Rxb4
40. Rxa6 g5 41. Rg6 Rf4+ 42. Kg3 Rg4+ 43. Kf3 b4 44. g3 b3 0-1

[Event "Plauen - Solingen"]
[Site "BL 0203"]
[Date "2003.03.29"]
[Round "14.5"]
[White "Sandipan, Chanda"]
[Black "Espig, Lutz"]
[Result "1-0"]
[WhiteElo "2510"]
[BlackElo "2425"]
[PlyCount "71"]
[EventDate "2003.??.??"]

1. e4 c5 2. Nf3 e6 3. d4 cxd4 4. Nxd4 Nf6 5. Nc3 d6 6. Be3 a6 7. f3 Be7 8. Qd2
b5 9. g4 Bb7 10. O-O-O Nfd7 11. Nce2 Nc6 12. Nxc6 Bxc6 13. g5 Rc8 14. Nd4 Bb7
15. h4 Ne5 16. Qg2 Nc4 17. Bxc4 Rxc4 18. h5 Qc8 19. g6 Bf6 20. Kb1 fxg6 21.
hxg6 h6 22. Rh5 O-O 23. Nb3 Qc7 24. Qh3 Bc8 25. Qh2 Be5 26. f4 Rxe4 27. fxe5
Rxe3 28. exd6 Qb7 29. d7 Bxd7 30. Rxh6 gxh6 31. Qxh6 Be8 32. Qxe3 Bxg6 33. Rg1
Rf6 34. Nc5 Qb6 35. Qe5 Qd8 36. Ne4 1-0

[Event "Plauen - Solingen"]
[Site "BL 0203"]
[Date "2003.03.29"]
[Round "14.6"]
[White "Brendel, Oliver"]
[Black "Stellwagen, Daniel"]
[Result "0-1"]
[WhiteElo "2378"]
[BlackElo "2426"]
[PlyCount "92"]
[EventDate "2003.??.??"]

1. e4 e6 2. d4 d5 3. Nc3 Nf6 4. Bg5 Bb4 5. e5 h6 6. Bd2 Bxc3 7. bxc3 Ne4 8. Qg4
g6 9. Bd3 Nxd2 10. Kxd2 c5 11. h4 Nc6 12. Rh3 cxd4 13. cxd4 Qb6 14. Ne2 Qb4+
15. Ke3 Nxe5 16. Qf4 Nxd3 17. cxd3 Bd7 18. Rc1 Qe7 19. Rc7 O-O 20. Rxb7 e5 21.
dxe5 Qc5+ 22. Kf3 Bxh3 23. gxh3 Rab8 24. Rxb8 Rxb8 25. e6 Rf8 26. Qxh6 fxe6+
27. Nf4 Rf6 28. Qg5 Qd4 29. Kg3 Kf7 30. h5 gxh5 31. Qxh5+ Ke7 32. Qg5 Kd7 33.
h4 Rf5 34. Qg4 Qe5 35. a4 a5 36. Kf3 Qf6 37. Kg3 Qd4 38. h5 Qe5 39. Kf3 Qf6 40.
Ke3 Qe5+ 41. Kf3 Qf6 42. Ke3 Rg5 43. Qh3 Re5+ 44. Kf3 Rf5 45. Qg4 e5 46. h6 Kd6
0-1

[Event "Plauen - Solingen"]
[Site "BL 0203"]
[Date "2003.03.29"]
[Round "14.7"]
[White "Werle, Jan"]
[Black "Dirr, Ulrich"]
[Result "1-0"]
[WhiteElo "2434"]
[BlackElo "2322"]
[PlyCount "53"]
[EventDate "2003.??.??"]

1. e4 e6 2. d4 d5 3. Nd2 Nf6 4. e5 Nfd7 5. Bd3 c5 6. c3 Nc6 7. Ne2 cxd4 8. cxd4
f6 9. exf6 Qxf6 10. Nf3 h6 11. O-O Bd6 12. Ng3 O-O 13. b3 e5 14. dxe5 Ndxe5 15.
Nxe5 Bxe5 16. Rb1 Nb4 17. Ba3 a5 18. Rc1 Nxd3 19. Qxd3 Rd8 20. f4 Bd4+ 21. Kh1
Qb6 22. f5 Bf6 23. Nh5 Qd4 24. Nxf6+ Qxf6 25. Rce1 Qf7 26. f6 gxf6 27. Re7 1-0

[Event "Erfurt - Wattenscheid"]
[Site "BL 0203"]
[Date "2003.03.29"]
[Round "14.1"]
[White "Aronian, Levon"]
[Black "Casper, Thomas"]
[Result "1/2-1/2"]
[WhiteElo "2581"]
[BlackElo "2391"]
[PlyCount "93"]
[EventDate "2003.??.??"]

1. e4 e6 2. d4 d5 3. Nc3 Bb4 4. e5 Ne7 5. a3 Bxc3+ 6. bxc3 c5 7. Qg4 O-O 8. Bd3
f5 9. exf6 Rxf6 10. Bg5 Rf7 11. Qh4 h6 12. Bxe7 Qxe7 13. Qxe7 Rxe7 14. f4 Bd7
15. Kd2 Be8 16. Re1 cxd4 17. cxd4 Nc6 18. Ne2 Rc8 19. f5 exf5 20. Bxf5 Rcc7 21.
Nf4 Rxe1 22. Rxe1 Bf7 23. c3 Re7 24. Rxe7 Nxe7 25. Bg4 g5 26. Nd3 Kg7 27. Ne5
Be8 28. Bf3 b6 29. Be2 Kf6 30. Ng4+ Kg7 31. Ba6 h5 32. Nf2 Kf6 33. c4 Bc6 34.
g3 Nf5 35. Kd3 Nd6 36. c5 Nb5 37. cxb6 axb6 38. Bxb5 Bxb5+ 39. Ke3 Kf5 40. Kf3
Ba4 41. Nd3 Bd1+ 42. Ke3 h4 43. gxh4 gxh4 44. h3 Bc2 45. Nf2 Kg5 46. Ng4 Bf5
47. Nf2 1/2-1/2

[Event "Erfurt - Wattenscheid"]
[Site "BL 0203"]
[Date "2003.03.29"]
[Round "14.2"]
[White "Paehtz, Thomas"]
[Black "De Vreugt, Dennis"]
[Result "1-0"]
[WhiteElo "2459"]
[BlackElo "2501"]
[PlyCount "85"]
[EventDate "2003.??.??"]

1. e4 c5 2. Nf3 Nc6 3. d4 cxd4 4. Nxd4 Nf6 5. Nc3 e5 6. Ndb5 d6 7. Bg5 a6 8.
Na3 b5 9. Nd5 Be7 10. Bxf6 Bxf6 11. c3 O-O 12. Nc2 Rb8 13. h4 Be6 14. Nxf6+
gxf6 15. Ne3 b4 16. c4 b3 17. a3 Qa5+ 18. Qd2 Rfc8 19. Rc1 Qxd2+ 20. Kxd2 Na5
21. Bd3 Nb7 22. Rhf1 Kh8 23. Nd5 Bxd5 24. cxd5 Nc5 25. Rc4 a5 26. Rfc1 Kg7 27.
Be2 Kf8 28. Bg4 Rc7 29. Bf5 h6 30. R1c3 Ke7 31. Ke2 Rbb7 32. Kf3 Rb8 33. Kg4
Rg8+ 34. Kh3 Kd8 35. Bg4 Rg6 36. Bd1 a4 37. Bg4 Ke7 38. Rxa4 Nxa4 39. Rxc7+ Kd8
40. Rc8+ Ke7 41. Bf5 Rg7 42. Rb8 Nxb2 43. Rxb3 1-0

[Event "Erfurt - Wattenscheid"]
[Site "BL 0203"]
[Date "2003.03.29"]
[Round "14.3"]
[White "Appel, Ralf"]
[Black "Mueller, Matthias"]
[Result "1/2-1/2"]
[WhiteElo "2503"]
[BlackElo "2403"]
[PlyCount "63"]
[EventDate "2003.??.??"]

1. Nf3 d5 2. c4 e6 3. g3 Nf6 4. Bg2 dxc4 5. Qa4+ Nbd7 6. Qxc4 a6 7. Qc2 c5 8.
O-O b5 9. a4 Bb7 10. Nc3 Qb6 11. d3 Be7 12. Qb3 c4 13. dxc4 Nc5 14. Qa2 b4 15.
a5 Qd8 16. Na4 Qxa5 17. Be3 Nfd7 18. Nxc5 Qxa2 19. Rxa2 Bxc5 20. Nd4 Bxg2 21.
Kxg2 Ke7 22. Rfa1 Rhc8 23. Rxa6 Rxa6 24. Rxa6 Bxd4 25. Bxd4 e5 26. Bb6 Rxc4 27.
Ba5 b3 28. Ra7 Ke6 29. Ra6+ Kd5 30. Ra7 Ke6 31. Ra6+ Kd5 32. Ra7 1/2-1/2

[Event "Erfurt - Wattenscheid"]
[Site "BL 0203"]
[Date "2003.03.29"]
[Round "14.4"]
[White "Enders, Peter"]
[Black "Handke, Florian"]
[Result "1/2-1/2"]
[WhiteElo "2524"]
[BlackElo "2504"]
[PlyCount "78"]
[EventDate "2003.??.??"]

1. e4 c5 2. Nf3 Nc6 3. d4 cxd4 4. Nxd4 Nf6 5. Nc3 e5 6. Ndb5 d6 7. Bg5 a6 8.
Na3 b5 9. Bxf6 gxf6 10. Nd5 f5 11. Bd3 Be6 12. O-O Bxd5 13. exd5 Ne7 14. c4 Bg7
15. Be2 e4 16. Rb1 O-O 17. cxb5 axb5 18. Bxb5 Ng6 19. Bc6 Qg5 20. g3 Rad8 21.
f4 exf3 22. Qxf3 f4 23. Nc4 f5 24. Kh1 fxg3 25. Qxg3 Qh6 26. Rbe1 Kh8 27. a4 f4
28. Qg4 f3 29. Rxf3 Rxf3 30. Qxf3 Rf8 31. Qg3 Qh5 32. a5 Rf3 33. Qg1 Qh4 34.
Nd2 Rf2 35. a6 Rxh2+ 36. Qxh2 Qxe1+ 37. Qg1 Qh4+ 38. Qh2 Qe1+ 39. Qg1 Qh4+
1/2-1/2

[Event "Erfurt - Wattenscheid"]
[Site "BL 0203"]
[Date "2003.03.29"]
[Round "14.5"]
[White "Holzke, Frank"]
[Black "Brueggemann, Joachim"]
[Result "1-0"]
[WhiteElo "2479"]
[BlackElo "2412"]
[PlyCount "159"]
[EventDate "2003.??.??"]

1. e4 c5 2. Nf3 Nc6 3. d4 cxd4 4. Nxd4 Nf6 5. Nc3 d6 6. Bg5 e6 7. Qd2 h6 8.
Bxf6 gxf6 9. O-O-O a6 10. f4 Bd7 11. Bc4 Qb6 12. Nxc6 Bxc6 13. f5 Qc5 14. Bb3
h5 15. Kb1 Bd7 16. Ne2 O-O-O 17. fxe6 fxe6 18. Nf4 Re8 19. Ng6 Bh6 20. Qxd6
Qxd6 21. Rxd6 Rhg8 22. Rhd1 Bc6 23. Nh4 Rg4 24. Nf3 Rxe4 25. Nd4 Bf4 26. Rxe6
Rd8 27. c3 Rxe6 28. Bxe6+ Kc7 29. Bf7 Kb6 30. Rf1 Be4+ 31. Ka1 Be5 32. g3 Rh8
33. Nf3 Bxf3 34. Rxf3 h4 35. gxh4 Rxh4 36. h3 Re4 37. a3 Kc7 38. Be6 b6 39. Kb1
Re2 40. h4 Kd6 41. Bf5 Rh2 42. Rd3+ Kc5 43. Bh3 Kc4 44. Re3 Kd5 45. Bc8 Rxh4
46. Bxa6 f5 47. Kc2 Rh2+ 48. Kb3 f4 49. Bc4+ Kd6 50. Rd3+ Kc7 51. Rd5 Bd6 52.
Rf5 Rd2 53. a4 Kc6 54. Bb5+ Kc7 55. Rf7+ Kc8 56. Rf6 Kd8 57. Rf7 Kc8 58. Bc6
Rh2 59. Bd5 Rd2 60. Be6+ Kd8 61. Kc4 Be7 62. b3 Rd6 63. Bg4 Rc6+ 64. Kd4 Rf6
65. Rxf6 Bxf6+ 66. Kc4 Kc7 67. Kb4 Kd6 68. c4 Bd8 69. Kb5 Bc7 70. b4 Bd8 71.
Ka6 Ke5 72. Be2 Kd4 73. Kb5 Ke3 74. Bf1 f3 75. a5 bxa5 76. bxa5 Bxa5 77. Kxa5
Kf2 78. Bh3 Kg3 79. Bf5 Kf4 80. Bc8 1-0

[Event "Erfurt - Wattenscheid"]
[Site "BL 0203"]
[Date "2003.03.29"]
[Round "14.6"]
[White "Voekler, Bernd"]
[Black "Dinstuhl, Volkmar"]
[Result "1/2-1/2"]
[WhiteElo "2382"]
[BlackElo "2416"]
[PlyCount "39"]
[EventDate "2003.??.??"]

1. e4 c5 2. Nf3 d6 3. d4 cxd4 4. Nxd4 Nf6 5. Nc3 a6 6. Bg5 e6 7. Qe2 h6 8. Bh4
Be7 9. O-O-O Nxe4 10. Bxe7 Nxc3 11. Bxd8 Nxe2+ 12. Nxe2 Kxd8 13. Rxd6+ Ke7 14.
Rd2 b5 15. g3 Bb7 16. Rg1 Nd7 17. Bg2 Bxg2 18. Rxg2 Rac8 19. f3 Rc7 20. Nd4
1/2-1/2

[Event "Erfurt - Wattenscheid"]
[Site "BL 0203"]
[Date "2003.03.29"]
[Round "14.7"]
[White "Ellers, Holger"]
[Black "Troyke, Christian"]
[Result "1-0"]
[WhiteElo "2425"]
[BlackElo "2351"]
[PlyCount "135"]
[EventDate "2003.??.??"]

1. d4 Nf6 2. c4 g6 3. g3 Bg7 4. Bg2 O-O 5. Nf3 d6 6. O-O Nbd7 7. Nc3 e5 8. e4
c6 9. b3 Qb6 10. Bb2 exd4 11. Nxd4 Re8 12. Kh1 Nc5 13. f3 Nfd7 14. Nce2 Ne5 15.
Bc3 a5 16. Rb1 h5 17. Qd2 Kh7 18. Rbd1 Bh6 19. Qc2 Qc7 20. h3 Bg7 21. Be1 Ned7
22. Nc3 b6 23. Qd2 Bh6 24. Qc2 Bb7 25. Bf2 Nf6 26. Rfe1 Rad8 27. Nde2 Bg7 28.
a3 d5 29. cxd5 cxd5 30. Nb5 Qb8 31. e5 Rxe5 32. b4 axb4 33. axb4 Ncd7 34. Nf4
h4 35. Rxe5 Qxe5 36. Nd3 Qb8 37. g4 Rc8 38. Qd2 Ba6 39. Nd4 Bxd3 40. Qxd3 Ne5
41. Qd2 Nc4 42. Qg5 Nb2 43. Rf1 Nd3 44. Qxh4+ Kg8 45. Bg3 Qa8 46. b5 Qa4 47.
Nc6 Re8 48. Bd6 Bh8 49. Ne7+ Kg7 50. Nf5+ Kg8 51. Nh6+ Kg7 52. Nf5+ Kg8 53.
Nh6+ Kg7 54. Qg5 Qxb5 55. Nf5+ Kg8 56. h4 Qd7 57. h5 Nh7 58. Nh6+ Kg7 59. Qxd5
Re6 60. Qxd3 Rxd6 61. Qc3+ Kxh6 62. Qxh8 Qe7 63. hxg6 fxg6 64. Qc3 Re6 65. f4
g5 66. Rf3 gxf4 67. Rh3+ Kg6 68. Qd3+ 1-0

[Event "Erfurt - Wattenscheid"]
[Site "BL 0203"]
[Date "2003.03.29"]
[Round "14.8"]
[White "Paehtz, Elisabeth"]
[Black "Straeter, Timo"]
[Result "1-0"]
[WhiteElo "2349"]
[BlackElo "2329"]
[PlyCount "125"]
[EventDate "2003.??.??"]

1. e4 g6 2. d4 Bg7 3. Nc3 c6 4. f4 d5 5. e5 h5 6. Nf3 Bg4 7. h3 Bxf3 8. Qxf3 e6
9. Be3 h4 10. Bd3 Nh6 11. O-O Nd7 12. Bf2 Nf5 13. b3 Bf8 14. Ne2 Be7 15. c4 Kf8
16. a3 Kg7 17. Rfc1 a5 18. c5 b6 19. b4 axb4 20. axb4 Qb8 21. Bc2 Qb7 22. Qc3
Rxa1 23. Rxa1 Ra8 24. Ra3 Bd8 25. Kh2 Rxa3 26. Qxa3 Qb8 27. Ng1 bxc5 28. bxc5
Ng3 29. Bxg3 hxg3+ 30. Kxg3 f6 31. Nf3 g5 32. Qd3 gxf4+ 33. Kh2 Nf8 34. Ba4 Qa8
35. Bc2 f5 36. Bd1 Ng6 37. Be2 Nh4 38. Ng1 Qa1 39. Qd2 Ng6 40. Bh5 Ba5 41. Qd1
Qa3 42. Qf3 Qxf3 43. Nxf3 Kh6 44. Bxg6 Kxg6 45. Kg1 Kh5 46. Kf2 Bc3 47. Ke2 Ba5
48. Kf2 Bc3 49. Kf1 Ba5 50. Ke2 Bb4 51. h4 Ba5 52. Ng5 Kxh4 53. Nxe6 Kg3 54.
Ng5 Kxg2 55. Nf3 Kg3 56. e6 Bd8 57. Ne1 Bf6 58. Nd3 f3+ 59. Kf1 Kg4 60. Ne5+
Kg5 61. Nxc6 Kg6 62. Kf2 Bg5 63. Ne5+ 1-0

[Event "Neukoelln - Tegernsee"]
[Site "BL 0203"]
[Date "2003.03.29"]
[Round "14.1"]
[White "Khenkin, Igor"]
[Black "Slobodjan, Roman"]
[Result "1-0"]
[WhiteElo "2603"]
[BlackElo "2521"]
[PlyCount "53"]
[EventDate "2003.??.??"]

1. d4 Nf6 2. c4 e6 3. Nc3 d5 4. cxd5 exd5 5. Bg5 Be7 6. e3 c6 7. Bd3 Nbd7 8. h3
Ne4 9. Bf4 Ndf6 10. Qc2 O-O 11. Nf3 c5 12. dxc5 Nxc5 13. O-O Qb6 14. Be5 Nxd3
15. Qxd3 Be6 16. Rfd1 Rfd8 17. Bd4 Qa5 18. a3 Rdc8 19. Rac1 Nd7 20. Ne5 Nxe5
21. Bxe5 Rc4 22. Rc2 Rac8 23. Rcd2 f6 24. Bg3 Bxa3 25. Ra1 Rxc3 26. bxc3 Qxc3
27. Rxa3 1-0

[Event "Neukoelln - Tegernsee"]
[Site "BL 0203"]
[Date "2003.03.29"]
[Round "14.2"]
[White "Stohl, Igor Dr"]
[Black "Sokolov, Andrei"]
[Result "0-1"]
[WhiteElo "2547"]
[BlackElo "2587"]
[PlyCount "80"]
[EventDate "2003.??.??"]

1. d4 Nf6 2. c4 e6 3. g3 d5 4. Bg2 dxc4 5. Nf3 c5 6. O-O Nc6 7. Qa4 Bd7 8. Qxc4
b5 9. Qd3 Rc8 10. dxc5 Bxc5 11. Nc3 b4 12. Nb5 O-O 13. Nd6 Nd4 14. Bf4 Nd5 15.
Ng5 g6 16. Nge4 Nxf4 17. gxf4 Bb6 18. Nxc8 Bb5 19. Qd2 Qxc8 20. e3 Bxf1 21.
Rxf1 f5 22. Ng3 Qc2 23. Qxb4 Ne2+ 24. Nxe2 Qxe2 25. a4 Qc2 26. a5 Bc5 27. Qb5
Be7 28. Qd7 Bh4 29. Qxa7 Rd8 30. Qb7 Rd2 31. a6 Rxf2 32. Ra1 Rd2 33. h3 Bf2+
34. Kh2 Rd1 35. Qb8+ Kg7 36. Rxd1 Qxd1 37. h4 Bg1+ 38. Kh1 Bf2+ 39. Kh2 Bg1+
40. Kh1 Bxe3+ 0-1

[Event "Neukoelln - Tegernsee"]
[Site "BL 0203"]
[Date "2003.03.29"]
[Round "14.3"]
[White "Ribli, Zoltan"]
[Black "Berndt, Stephan"]
[Result "1-0"]
[WhiteElo "2574"]
[BlackElo "2482"]
[PlyCount "63"]
[EventDate "2003.??.??"]

1. Nf3 Nf6 2. c4 g6 3. g3 Bg7 4. Bg2 d5 5. cxd5 Nxd5 6. Nc3 Nxc3 7. bxc3 O-O 8.
O-O e5 9. Qc2 Re8 10. d3 h6 11. Rb1 Nd7 12. Nd2 Rb8 13. Nc4 Nb6 14. Na5 c6 15.
c4 Qc7 16. Be3 Bf5 17. Qb3 e4 18. d4 g5 19. Rfd1 Nd5 20. cxd5 Qxa5 21. dxc6
bxc6 22. Qxb8 Rxb8 23. Rxb8+ Kh7 24. g4 Bg6 25. Rd2 h5 26. gxh5 Bxh5 27. Bxe4+
f5 28. Bb1 Kh6 29. f4 Bxd4 30. fxg5+ Kg6 31. Rxd4 Qe5 32. Rb3 1-0

[Event "Neukoelln - Tegernsee"]
[Site "BL 0203"]
[Date "2003.03.29"]
[Round "14.5"]
[White "Teske, Henrik"]
[Black "Borriss, Martin Dr"]
[Result "1/2-1/2"]
[WhiteElo "2527"]
[BlackElo "2442"]
[PlyCount "77"]
[EventDate "2003.??.??"]

1. d4 Nf6 2. c4 g6 3. g3 Bg7 4. Bg2 O-O 5. Nc3 d6 6. e4 e5 7. Nge2 c6 8. O-O
Nbd7 9. b3 Re8 10. d5 cxd5 11. Nxd5 Nc5 12. Bg5 Bg4 13. f3 Bd7 14. f4 h6 15.
fxe5 hxg5 16. exf6 Bf8 17. Nec3 Bc6 18. Qd2 Re5 19. Rad1 a6 20. b4 Na4 21. Qd4
Nxc3 22. Nxc3 Qe8 23. Rf2 b5 24. Nd5 Bxd5 25. cxd5 Rc8 26. Qb6 Rc4 27. Qxa6 g4
28. Rf4 Bh6 29. Qxd6 Rexe4 30. Bxe4 Rxe4 31. Qc5 Bxf4 32. gxf4 Re1+ 33. Rxe1
Qxe1+ 34. Kg2 Qe4+ 35. Kf1 Qxf4+ 36. Qf2 Qc4+ 37. Qe2 Qxd5 38. Qxg4 Qxa2 39.
Qc8+ 1/2-1/2

[Event "Neukoelln - Tegernsee"]
[Site "BL 0203"]
[Date "2003.03.29"]
[Round "14.6"]
[White "Poldauf, Dirk"]
[Black "Hertneck, Gerald"]
[Result "0-1"]
[WhiteElo "2410"]
[BlackElo "2502"]
[PlyCount "76"]
[EventDate "2003.??.??"]

1. c4 b6 2. Nc3 Bb7 3. e4 e6 4. Nge2 Nf6 5. d3 d5 6. cxd5 exd5 7. e5 Nfd7 8. d4
c5 9. f4 Nc6 10. Be3 Na5 11. Ng3 h5 12. h4 Rc8 13. Be2 cxd4 14. Bxd4 Nc6 15. e6
Nc5 16. exf7+ Kxf7 17. Bxh5+ Kg8 18. Bf3 Nxd4 19. Qxd4 Ne4 20. Bxe4 dxe4 21.
O-O-O Qxd4 22. Rxd4 e3 23. Nf5 Rh5 24. Nxe3 Bc5 25. Rd3 Ba6 26. Kd2 Bxd3 27.
Kxd3 Rd8+ 28. Ke2 Re8 29. Ncd1 Rd5 30. Kf3 Rd2 31. Nc4 Rd3+ 32. Kg4 Re2 33. Ne5
Rxg2+ 34. Kf5 Rd6 35. Nc3 g6+ 36. Ke4 Rxb2 37. Nd5 Re2+ 38. Kd3 Rxe5 0-1